Statistics for Countries of the World using only "C" and "V"

Click here to take the quiz!

General Stats

  • This quiz has been taken 1,571 times
  • The average score is 118 of 196

Answers on the Map

Answers color-coded by a green-red scale on the quiz's map according to % correct below.
 

Answer Stats

CountryCrypted Country% Correct
Cuba | Fiji | Mali | +2 othersCVCV
97%
Benin | Gabon | Japan | +4 othersCVCVC
96%
YemenVVCVC/CVCVC
96%
GuyanaCVVVCV/CVCVCV
95%
ChadCCVC
94%
Belize | Canada | Kosovo | +5 othersCVCVCV
94%
Kenya | LibyaCVCVV/CVCCV
93%
Iran | Iraq | OmanVCVC
93%
Malta | TongaCVCCV
92%
Republic of the CongoCVCVCCVC VC CCV CVCCV
92%
Democratic Republic
of the Congo
CVCVCCVCVC CVCVCCVC VC CCV CVCCV
92%
Chile | China | GhanaCCVCV
91%
ItalyVCVCV/VCVCC
91%
Norway | TurkeyCVCCVV/CVCCVC
90%
Bhutan | Brazil | SwedenCCVCVC
88%
Gambia | Latvia | Russia | +2 othersCVCCVV
88%
Bosnia and
Herzegovina
CVCCVV VCC CVCCVCVCVCV
88%
CyprusCVCCVC/CCCCVC
87%
Trinidad and TobagoCCVCVCVC VCC CVCVCV
86%
JordanCVCCVC
86%
SpainCCVVC
84%
IndiaVCCVV
84%
Germany | HungaryCVCCVCV/CVCCVCC
83%
LaosCVVC
83%
PolandCVCVCC
82%
France | RwandaCCVCCV
81%
Bahamas | Belarus | Comoros | +2 othersCVCVCVC
80%
MoldovaCVCCVCV
77%
AngolaVCCVCV
77%
Bolivia | Liberia | Namibia | +4 othersCVCVCVV
76%
Iceland | IrelandVCVCVCC
76%
Denmark | FinlandCVCCVCC
75%
Burundi | Lesotho | MoroccoCVCVCCV
74%
EgyptVCVCC/VCCCC
73%
Haiti | NauruCVVCV
70%
SyriaCVCVV/CCCVV
69%
Barbados | Honduras | Maldives | PortugalCVCCVCVC
66%
Albania | Algeria | Armenia | EstoniaVCCVCVV
66%
Palau | SamoaCVCVV
65%
Antigua and BarbudaVCCVCVV VCC CVCCVCV
65%
AndorraVCCVCCV
64%
United StatesVCVCVC CCVCVC
63%
Dominica | Kiribati | SurinameCVCVCVCV
62%
Bulgaria | Cambodia | Mongolia | TanzaniaCVCCVCVV
61%
IsraelVCCVVC
61%
MyanmarCVVCCVC/CCVCCVC
60%
AustraliaVVCCCVCVV
60%
MalaysiaCVCVVCVV/CVCVCCVV
59%
GreeceCCVVCV
58%
Bahrain | BelgiumCVCCVVC
58%
ColombiaCVCVCCVV
58%
ParaguayCVCVCVVV/CVCVCVVC
58%
ArgentinaVCCVCCVCV
57%
CameroonCVCVCVVC
56%
UkraineVCCVVCV
56%
EcuadorVCVVCVC
56%
TaiwanCVVCVC
55%
VietnamCVVCCVC
54%
UruguayVCVCVVV/VCVCVVC
54%
PakistanCVCVCCVC
52%
VenezuelaCVCVCVVCV
50%
EswatiniVCCVCVCV
50%
Cape VerdeCVCV CVCCV
48%
AustriaVVCCCVV
47%
KuwaitCVCVVC
46%
São Tomé and PríncipeCVV CVCV VCC CCVCCVCV
46%
GuineaCVVCVV
46%
ZimbabweCVCCVCCV
45%
Madagascar | TajikistanCVCVCVCCVC
44%
Vatican CityCVCVCVC CVCV/CVCVCVC CVCC
44%
BotswanaCVCCCVCV
43%
GuatemalaCVVCVCVCV
43%
UgandaVCVCCV
42%
GrenadaCCVCVCV
41%
San MarinoCVC CVCVCV
41%
SingaporeCVCCVCVCV
41%
Costa RicaCVCCV CVCV
41%
IndonesiaVCCVCVCVV
41%
United KingdomVCVCVC CVCCCVC
41%
Sri LankaCCV CVCCV
39%
ThailandCCVVCVCC
39%
Saint Lucia | South KoreaCVVCC CVCVV
39%
SeychellesCVVCCVCCVC/CVCCCVCCVC
39%
Jamaica | VanuatuCVCVVCV
38%
North KoreaCVCCC CVCVV
37%
NetherlandsCVCCVCCVCCC
36%
LithuaniaCVCCVVCVV
36%
KazakhstanCVCVCCCCVC
36%
NicaraguaCVCVCVCVV
36%
South AfricaCVVCC VCCVCV
36%
EthiopiaVCCVVCVV
36%
New ZealandCVC CVVCVCC
35%
Saudi ArabiaCVVCV VCVCVV
35%
EritreaVCVCCVV
35%
Czech RepublicCCVCC CVCVCCVC
34%
GeorgiaCVVCCVV
34%
Slovakia | SloveniaCCVCVCVV
33%
CroatiaCCVVCVV
32%
BangladeshCVCCCVCVCC
32%
SwitzerlandCCVCCVCCVCC
31%
BruneiCCVCVV
31%
AfghanistanVCCCVCVCCVC
31%
MozambiqueCVCVCCVCVV
30%
MauritaniaCVVCVCVCVV
30%
El SalvadorVC CVCCVCVC
30%
PhilippinesCCVCVCCVCVC
26%
South SudanCVVCC CVCVC
26%
UzbekistanVCCVCVCCVC
26%
TurkmenistanCVCCCVCVCCVC
24%
Dominican RepublicCVCVCVCVC CVCVCCVC
24%
KyrgyzstanCVCCVCCCVC/CCCCCCCCVC
23%
MontenegroCVCCVCVCCV
23%
Burkina FasoCVCCVCV CVCV
23%
AzerbaijanVCVCCVVCVC
23%
DjiboutiCCVCVVCV
22%
Papua New GuineaCVCVV CVC CVVCVV
21%
United Arab EmiratesVCVCVC VCVC VCVCVCVC
21%
Sierra LeoneCVVCCV CVVCV
20%
Guinea-BissauCVVCVV-CVCCVV
20%
Ivory CoastVCVCV CVVCC/VCVCC CVVCC
20%
North MacedoniaCVCCC CVCVCVCVV
19%
East TimorVVCC CVCVC
18%
LuxembourgCVCVCCVVCC
17%
MauritiusCVVCVCVVC
17%
Central African RepublicCVCCCVC VCCVCVC CVCVCCVC
15%
Federated States of
Micronesia
CVCVCVCVC CCVCVC VC CVCCVCVCVV
14%
Saint Kitts and NevisCVVCC CVCCC VCC CVCVC
14%
Equatorial GuineaVCVVCVCVVC CVVCVV
14%
Solomon IslandsCVCVCVC VCCVCCC
13%
LiechtensteinCVVCCCVCCCVVC
12%
Marshall IslandsCVCCCVCC VCCVCCC
11%
Saint Vincent and the
Grenadines
CVVCC CVCCVCC VCC CCV CCVCVCVCVC
7%

Score Distribution

Percentile by Number Answered

Percent of People with Each Score

Your Score History

You have not taken this quiz